|
|
|
|
| LEADER |
00000nam a22000007a 4500 |
| 005 |
20180421203251.0 |
| 007 |
cr|||| |||| |
| 008 |
180421s2018 mx |||||s|||| 00||0 spa d |
| 020 |
|
|
|a 978-607-541-009-8
|
| 035 |
|
|
|a 21446
|
| 040 |
|
|
|a vLex
|
| 090 |
|
|
|c 7799
|d 7799
|
| 100 |
1 |
|
|a Luna Guerra, Antonio
|
| 245 |
1 |
0 |
|a Estudio practico de las operaciones relevantes 2018
|h [Recurso electrn̤ico] /
|c Antonio Luna Guerra
|
| 256 |
|
|
|a Servicio en ln̕ea
|
| 260 |
|
|
|a Ciudad de Mx̌ico:
|b Ediciones Fiscales ISEF,
|c 2018
|
| 300 |
|
|
|a 1 recurso electrn̤ico
|
| 500 |
|
|
|a Cuando el contribuyente realice una de las operaciones seąladas en esta obra: ESTUDIO PRACTICO DE LAS OPERACIONES RELEVANTES, tendr ̀que realizar (a partir de 2015) una declaracin̤ informativa de OPERACIONES RELEVANTES. Esto para que la autoridad tenga mayores elementos de fiscalizacin̤. ŁConozca este tema a fondo!
|
| 506 |
1 |
|
|a Disponible solo en los productos indicados
|d vLex Global
|d vLex Global (Academic Edition, excluding Law Schools)
|d vLex Global (U.S. Academic Edition, Law Schools)
|d vLex Global (U.S. Academic Edition, excluding Law Schools)
|d vLex Global (Academic Edition, Law Schools)
|
| 650 |
0 |
4 |
|a Derecho Fiscal
|z Mx̌ico
|
| 740 |
0 |
|
|a vLex Libros (Servicio en ln̕ea)
|
| 856 |
4 |
0 |
|u http://vlex.com/source/estudio-practico-de-las-operaciones-relevantes-2018-21446
|z Acceso restringido
|
| 942 |
|
|
|c BOOK
|
| 999 |
0 |
|
|a Tax Law
|